|
|
|
|
| LEADER |
00000cam a2200000 7i4500 |
| 001 |
0000032242 |
| 005 |
20120528.0 |
| 008 |
120528 |
| 020 |
|
|
|a 8170086213
|
| 090 |
0 |
0 |
|a 778.59
|b LON
|
| 100 |
1 |
|
|a Long, Ben
|
| 245 |
1 |
4 |
|a Making digital videos
|c Ben Long
|
| 260 |
|
|
|a New Delhi :
|b Firewall Media ,
|c 2004
|
| 650 |
|
0 |
|a Digital cinematography
|x amateurs' manuals
|
| 650 |
|
0 |
|a Digital video
|x amateurs' manuals
|
| 650 |
|
0 |
|a Video recording
|x data processing
|x amateurs' manuals
|
| 999 |
|
|
|a 0001152248
|b Book
|c Adult Collection
|e Perbadanan Perpustakaan Awam Johor
|
| 999 |
|
|
|a 0001152249
|b Book
|c Adult Collection
|e Perbadanan Perpustakaan Awam Johor
|
| 999 |
|
|
|a 0001152250
|b Book
|c Adult Collection
|e Cawangan Urban Transformation Centre
|
| 999 |
|
|
|a CD01152247
|b CD-ROM
|c REFERENCE
|e Perbadanan Perpustakaan Awam Johor
|
| 999 |
|
|
|a CD01152249
|b CD-ROM
|c Adult Collection
|e Cawangan Urban Transformation Centre
|
| 999 |
|
|
|a CD01152250
|b CD-ROM
|c REFERENCE
|e Perbadanan Perpustakaan Awam Johor
|